000 00832nab a2200253 u 4500
001 16052
003 HDC
007 cr bn ---aaaaa
008 210220c mydr|noo 0 a may d
040 _aHDC
100 _aHelmi Mohd. Foad
_eauthor
_916006
245 0 _aUsaha untuk masuki pasaran makanan halal China
_cby Helmi Mohd. Foad
260 _aMalaysia :
_bUtusan Malaysia,
_c2004
336 _atext
_2rdacontent
337 _acomputer
_2rdamedia
338 _aonline resource
_2rdacarrier
650 _afood industry
_9536
650 _ahalal food
_950
710 _aUtusan Malaysia
856 _zRequest full-text at [email protected]
942 _2lcc
942 _cNEWS
942 _kNSWO 008377
999 _c13368
_d13368